000 00210 a2200109 4500
020 _a9780399254383
041 _aspa
100 _aCarle, Eric
245 _aLa oruga muy Hambrienta
942 _cBK
952 _74
999 _c20664
_d20664